| 000 | 01090cam a2200169 4500 | ||
|---|---|---|---|
| 008 | 031128n2003 000 0 eng u | ||
| 035 | _a(Sirsi) u124526 | ||
| 245 | _aTreasury scepticism dilutes sustainable consumption strategy | ||
| 260 | _c2003 | ||
| 490 |
_aENDS Report _v(345) October 2003, 22-26(5) |
||
| 520 | _aA critical article on the report "Changing patterns: UK government framework for sustainable consumption and production" and the joint DEFRA/DTI consultation paper on a set of decoupling indicators of sustainable development "Sustainable consumption and production indicators". This framework sets out the environmental and economic rationale for sustainable consumption and production. Looks at the political and economic background to the document, and its key measures. Also lists the proposed sustainable consumption and production indicators. View the report and consultation paper at www.defra.gov.uk/environment. | ||
| 590 | _aABS | ||
| 650 | _aENVIRONMENTAL RESOURCES | ||
| 650 | _aSUSTAINABLE DEVELOPMENT | ||
| 690 | _aDEVELOPMENT-SUSTAINABLE | ||
| 942 | _n0 | ||
| 999 |
_c73901 _d73901 |
||